00313nam a2200121Ia 4500008004100000041000800041082001500049100001700064245003800081260003300119300003200152365000700184240624s9999 xx 000 0 und d aeng a155.67 ARD aARDEN JOHN B aIMPROVING YOUR MEMORY FOR DUMMIES c2007aNew DelhibWiley India axxii, : 312 : p. : cm. ; 23 b20